000 00638nam a22002057i 4500
999 _c23231
_d23231
003 AR-CdUCM
008 250303b20152015 pe||||| |||| 00| 0 spa d
020 _a978-9972-08-789-9
040 _aMUNICIPALIDAD PROVINCIAL DEL CUSCO
_cBIBLIOTECA MUNICIPAL DEL CUSCO
041 _hspa
082 _aPI / 808.83 / C557
_bC557
100 _aChirre Osorio, Alfonso
_951064
245 _aMis primeras vocales :
_bBilingüe /
260 _aLima :
_bCorporación Editora Chirre S.A.
_c2015
300 _a11 páginas. :
_c24x22 cm.
505 _aMis primeras vocales
650 _aVocales
_951065
942 _2ddc
_cLIBROS
945 _apbjr
_d3-03-2025